| 000 | 00619nam a2200193 a 4500 | ||
|---|---|---|---|
| 005 | 20220622111646.0 | ||
| 008 | 991125m19401951mx 000 0 spa u | ||
| 035 | _aUPN01000001567 | ||
| 049 | _aCG | ||
| 050 | 4 |
_aLB1645 M6 _bN3.2 |
|
| 100 | 1 | _aNápoles Gandara, Alfonso | |
| 245 | 1 | 0 |
_aAlgebra elemental para secundarias / _cAlfonso Nápoles G. |
| 260 |
_aMéxico : _bA. Nápoles Gandara, _cc1940 (1951 impr.). |
||
| 300 | _a3 v. | ||
| 500 | _aLa biblioteca tiene los v.1 y 3 | ||
| 650 | 4 |
_aAlgebra _xEstudio y enseñanza (Secundaria) _92078 |
|
| 650 | 4 |
_aALGEBRA - _vPROBLEMAS, EJERCICIOS, ETC. _92153 |
|
| 905 | _aLibro | ||
| 999 |
_c1567 _d1567 |
||